=LDR 00000nam 2200000 4500 =001 INLIS000000000053471 =005 20181018012658 =035 ##$$a 0010-1018000086 =245 1#$$a Dasar-Dasar Akuntansi Perkantoran /$c Akifa P. Nayla, S.E., Akt. =100 #$$a Akifa P. Nayla =250 ##$$a Ed. 1 =300 ##$$a 180 hlm : $b Ilus ; $c 15x20 cm =260 ##$$a Jogjakarta :$b Laksana,$c 2013 =082 ##$$a 657.7 =084 ##$$a 657.7 AKI d =020 ##$$a 978-602-255-331-1 =650 ##$$a Akuntansi Perusahaan =990 ##$$a 86658665 =990 ##$$a 02201808055 =990 ##$$a 01201808665